000 01790nam0a2200361 4500
001 RU\NLR\ONL2\20868
005 20250613132126.0
010 _a9965-35-103-1
_93000
035 _a(NLR Aleph) 009668452
090 _a9649036
_c9649036
100 _a20110810d2006 |||y0rusy50 ca
101 0 _akaz
102 _aRU
105 _ay |||||||||
200 1 _aГашыктык дастандар
_eкытайдагы казак фольклоры
_f[Эдебиет жэне онер ин-ты
_gкытайдагы казак фольклорын жинап, баспага дайындаган: Егеубаев О.
_gтомды жуйелеп, гыл. косымшаларын дайындаг.: Алпысбаева К. (жауап. шыг.), Косан С., Егеубаев О.]
210 _aАстана
_cФолиант
_d2006
215 _a372,[1] б.
_d22
225 1 _aМэдени мура
_fбас ред. алкасы: Кул- Мухаммед М., торага [ж. б.]
225 1 _aБабалар созi
_e100 т.
_vТ. 26
300 _aТекст рез. рус., англ.
320 _aБиблиогр.: с. 367-368 (30 назв.)
327 1 _aВ кн.: Козы Корпеш - Баян сулу; Кыз Жiбек; Дандан мен Нэркес [ж. б.]
327 1 _aВ кн. также: Гылыми косымшалар (с. 335-365)
541 1 _aРоманические дастаны
_eфольклор китайских казахов
_zrus
606 0 _aКазахский фольклор
_9935128
_3RU\NLR\auth\6626462
686 1 _aШ3(257=Каз)-611
702 1 _aАлпысбаева
_bК.
_4220
801 0 _aRU
_bNLR
_c20110812
_gPSBO
852 _aNLR
_bОНЛ
_jКазах./3-11394
942 _cBOOK
980 _aNB
980 _aONL_RF